000 00840nam a2200229 i 4500
001 bg
100 1 _aOLSZEWSKI, Tadeusz
245 1 0 _aDobór i racjonalne wykorzystanie środków technicznych do produkcji zielonek na siano :
_bporadnik /
_cTadeusz Olszewski ; Instytut Budownictwa, Mechanizacji i Elektryfikacji Rolnictwa w Warszawie.
260 _aWarszawa :
_bIBMER,
_c1994.
300 _a244, 14, [3] s. :
_brys., wykr. ;
_c21 cm.
504 _aBibliogr. s. 240-244.
650 9 _aRolnictwo
_xnarzędzia i maszyny
_xobsługa i eksploatacja
650 9 _aSiano
_xtechnologia
_xmetody
650 9 _aSuszarnictwo
_xstosowanie
_xrolnictwo
020 _a8386264071
040 _cBPK
041 0 _apl
080 _a631.3:631.55:633.2:636.084/.087
920 _a83-86264-07-1
942 _cKS
008 s pl f |000 0 pol
999 _c25042
_d25042
856 _uhttp://koha.tu.koszalin.pl/cgi-bin/koha/opac-detail.pl?biblionumber=25042
_yKatalog online BPK